Central Library OPAC University of Rajshahi

Constitutional & administrative law / (Record no. 55799)

MARC details
000 -LEADER
fixed length control field 00868nam a2200289 a 4500
001 - CONTROL NUMBER
control field 55799
003 - CONTROL NUMBER IDENTIFIER
rucl marc code BD-RjUL
005 - DATE AND TIME OF LATEST TRANSACTION
control field 20211209080321.0
008 - FIXED-LENGTH DATA ELEMENTS--GENERAL INFORMATION
fixed length control field 161122s2006 enka b 001 0 eng
020 ## - INTERNATIONAL STANDARD BOOK NUMBER
International Standard Book Number 1845680669
International Standard Book Number 1845680332 (pbk.)
International Standard Book Number 9781845680664
International Standard Book Number 9781845680336
035 ## - SYSTEM CONTROL NUMBER
System control number (BD-RjUL)55923
040 ## - CATALOGING SOURCE
Original cataloging agency Uk
Transcribing agency Uk
Modifying agency BD-RjUL
Language of cataloging eng
041 ## - LANGUAGE CODE
Language code of text/sound track or separate title eng
082 04 - DEWEY DECIMAL CLASSIFICATION NUMBER
Classification number 342.41
Edition number 23
Author mark and year BAC 2006
100 1# - MAIN ENTRY--PERSONAL NAME
Personal name Barnett, Hilaire.
9 (RLIN) 166144
245 10 - TITLE STATEMENT
Title Constitutional & administrative law /
Statement of responsibility, etc. Hilaire Barnett.
250 ## - EDITION STATEMENT
Edition statement 6th ed.
260 ## - PUBLICATION, DISTRIBUTION, ETC. (IMPRINT)
Place of publication, distribution, etc. London :
Name of publisher, distributor, etc. Routledge-Cavendish,
Date of publication, distribution, etc. 2006.
300 ## - PHYSICAL DESCRIPTION
Pagination lxxxiii, 870 p. :
Illustrations ill. ;
Size 24 cm.
504 ## - BIBLIOGRAPHY, ETC. NOTE
Bibliography, etc Includes bibliographical references and index.
650 #0 - SUBJECT ADDED ENTRY--TOPICAL TERM
Topical term or geographic name as entry element Constitutional law
Geographic subdivision Great Britain.
9 (RLIN) 166145
Topical term or geographic name as entry element Administrative law
Geographic subdivision Great Britain.
9 (RLIN) 166146
942 ## - ADDED ENTRY ELEMENTS (KOHA)
Source of classification or shelving scheme Dewey Decimal Classification
Koha item type Books
Holdings
Lost status Source of classification or shelving scheme Damaged status Not for loan Collection code Permanent Location Current Location Shelving location Date acquired Source of acquisition Cost, normal purchase price Total Checkouts Full call number Date last seen Copy number Koha item type
  Dewey Decimal Classification     Non-fiction Central Library, University of Rajshahi Central Library, University of Rajshahi   29/11/2010 Dhaka,Paragon Enterprise Lit., 47.57   342.41 BAC 2006 22/11/2016 C-2 Books
  Dewey Decimal Classification   Not For Loan Non-fiction Central Library, University of Rajshahi Central Library, University of Rajshahi Reading Room   Dhaka,Paragon Enterprise Lit., 47.57   342.41 BAC 2006 21/12/2016 C-1 Books